Giải mã bí mật cuộc sống : Vận mệnh con người qua tướng mạo
Kaydedildi:
| Yazar: | |
|---|---|
| Materyal Türü: | Kitap |
| Dil: | Undetermined |
| Baskı/Yayın Bilgisi: |
Hà Nội
Lao động
2008
|
| Konular: | |
| Etiketler: |
Etiketle
Etiket eklenmemiş, İlk siz ekleyin!
|
| Thư viện lưu trữ: | Trung tâm Học liệu Trường Đại học Cần Thơ |
|---|
| LEADER | 00663nam a2200205Ia 4500 | ||
|---|---|---|---|
| 001 | CTU_132881 | ||
| 008 | 210402s9999 xx 000 0 und d | ||
| 020 | |c 52000 | ||
| 082 | |a 133.53 | ||
| 082 | |b Th107 | ||
| 100 | |a Lê, Tiến Thành | ||
| 245 | 0 | |a Giải mã bí mật cuộc sống : | |
| 245 | 0 | |b Vận mệnh con người qua tướng mạo | |
| 245 | 0 | |c Lê Tiến Thành, Tiểu Hằng | |
| 260 | |a Hà Nội | ||
| 260 | |b Lao động | ||
| 260 | |c 2008 | ||
| 650 | |a Divinatory and omens,Dấu hiệu và điềm báo | ||
| 904 | |i Q. Hiếu | ||
| 980 | |a Trung tâm Học liệu Trường Đại học Cần Thơ | ||